000 00523nam a2200145Ia 4500
008 100204s9999 xx 000 0 und d
082 _b25063
100 _aकुलकर्णी द. भि.
245 _aपहिल्यांदा रणांगण
260 _b"पॉप्युलर प्रकाशन , मुंबई"
_c1999
300 _a277
630 _aपहिल्यांदा रणांगण
730 _aपहिल्यांदा रणांगण
942 _cBOOK
999 _c470244
_d470241